[Event "20th Dubai Open 2018"]
[Site "Dubai"]
[Date "2018.04.08"]
[Round "7"]
[White "Safarli, Eltaj"]
[Black "Erigaisi, Arjun"]
[Result "1/2-1/2"]
[WhiteElo "2653"]
[BlackElo "2481"]
[Annotator "TA"]
[PlyCount "154"]
[EventDate "2018.??.??"]
[EventType "swiss"]
[EventCountry "UAE"]
[SourceTitle "playchess.com"]
[Source "ChessBase"]
[SourceQuality "1"]

{[%evp 18,154,6,0,20,16,40,-5,0,6,1,0,0,0,0,0,7,10,11,0,0,0,14,-20,-20,-22,31,31,36,16,35,16,16,23,20,12,21,2,10,0,18,13,12,12,11,8,11,8,12,22,15,15,17,0,8,0,8,0,12,0,0,0,5,5,3,0,5,0,0,0,0,0,28,8,8,8,78,8,8,8,8,8,8,8,8,8,11,18,18,18,18,0,19,8,8,0,0,0,8,0,0,0,8,8,8,8,8,8,88,0,0,0,0,-8,-8,-8,-8,-8,-8,-8,-8,-8,-8,-8,-8,-8,-8,-8,-8,-8,0,0,0,-8,0,0,0,0,0]} 1. e4 e6 2. d4 d5 3. Bd3 dxe4 4. Bxe4 Nf6 5. Bf3 c5 6. Ne2 Nc6 {C01: French: Exchange Variation} 7. Be3 cxd4 (7... Nd5 8. Bxd5 Qxd5 9. Nbc3 Qxg2 10. Rg1 Qf3 11. Nb5 Rb8 12. dxc5 Bd7 13. Nc7+ Kd8 14. Nb5 {0-1 (54) Kramnik,V (2808)-Caruana,F (2808) Stavanger 2017}) 8. Nxd4 Ne5 9. Nc3 Bb4 10. Ndb5 {LiveBook: 20 Games} Qa5 11. O-O O-O 12. Be2 $146 ({Predecessor:} 12. Bf4 Bxc3 13. Nxc3 Nxf3+ 14. Qxf3 {0-1 (29) Sigurdarson,E (1867)-Rapport,J (2323) Reykjavik 2014}) 12... Rd8 13. Qc1 Bd7 14. a3 Bxc3 15. Nxc3 Ng6 16. Rd1 Bc6 17. Rxd8+ Rxd8 18. Qe1 Qf5 19. Rd1 Re8 20. Qd2 Nh4 21. Qd3 a6 (21... Bxg2 $11 22. Qxf5 exf5) 22. Qxf5 $14 Nxf5 23. Bg5 (23. Bb6 {is interesting.} e5 24. f3 h5 25. Kf2 g6 26. Rd8) 23... h6 24. Bxf6 gxf6 25. Na2 Rc8 26. Nb4 Be8 27. c3 a5 28. Nd3 (28. Na2 {keeps more tension.} Bc6 29. Nc1 Kf8 30. Rd2 Ke7 31. Nb3) 28... Rd8 29. Nc5 Rxd1+ 30. Bxd1 $11 {[%mdl 4096] Endgame KBN-KBN} Nd6 31. Be2 Kf8 32. Kf1 b6 33. Nb3 Ke7 34. Nd2 f5 35. f4 Bc6 36. g3 f6 37. Bd3 e5 38. Kf2 a4 39. Ke3 Ke6 40. Be2 Bd5 41. c4 Bc6 42. Bd1 Nb7 43. Nb1 Na5 44. Nd2 Kd6 45. Kd3 Kc5 46. Kc3 Bd7 {[#]} (46... Nb7 $11) 47. Bc2 (47. fxe5 $1 $16 fxe5 48. g4) 47... e4 {[#]} 48. Bxa4 $1 {[%mdl 512]} Bxa4 49. b4+ Kd6 {aiming for ...e3.} 50. bxa5 {KB-KN} e3 $132 {[%mdl 2048] Black has counterplay} 51. Nf3 bxa5 52. Nd4 Kc5 $1 53. Ne6+ Kd6 54. Nd4 Kc5 $1 55. Kd3 Bd1 $1 56. Ne6+ Kd6 57. Nd4 Kc5 $1 58. Ne6+ Kd6 {And now ...e2 would win.} 59. Nd4 Kc5 $1 60. Kxe3 Kxc4 61. Nxf5 {Kd2 is the strong threat.} h5 62. Kd2 Bg4 (62... Bf3 $11 {remains equal.}) 63. Ne7 (63. Ne3+ $16 Kd4 64. Ng2 (64. Nxg4 hxg4 65. Ke1 a4 $14)) 63... Kb3 {The position is equal.} 64. Nc6 a4 65. Kc1 Kxa3 66. Kb1 $1 Kb3 67. Ne7 $1 f5 68. Ng8 $1 Kc3 69. Nf6 Kd4 70. Kb2 Bd1 71. h3 Kc5 72. Ka3 Kc4 73. Kb2 Kc5 74. Ka3 Kd6 75. Kb4 Bf3 76. Kxa4 Ke6 77. Nh7 {Strongly threatening Ng5+.} Kd5 {Precision: White = 50%, Black = 65%.} 1/2-1/2

[Event "20th Dubai Open 2018"]
[Site "Dubai"]
[Date "2018.04.08"]
[Round "7"]
[White "Ganguly, Surya Shekhar"]
[Black "Kryvoruchko, Yuriy"]
[Result "1-0"]
[WhiteElo "2642"]
[BlackElo "2703"]
[Annotator "TA"]
[PlyCount "167"]
[EventDate "2018.??.??"]
[EventType "swiss"]
[EventCountry "UAE"]
[SourceTitle "playchess.com"]
[Source "ChessBase"]
[SourceQuality "1"]

{[%evp 11,167,0,20,0,3,8,27,27,21,21,38,17,28,35,39,26,33,33,29,43,41,0,0,0,0,0,0,4,4,5,3,0,7,-9,0,-7,-5,-8,0,0,9,7,27,19,19,27,26,15,15,15,15,15,24,15,15,10,15,0,15,9,9,14,11,0,8,-7,0,0,1,0,0,0,0,0,0,0,7,0,0,0,7,0,0,0,79,79,79,79,79,79,79,79,79,79,79,79,79,0,79,0,79,79,79,79,79,79,79,0,79,79,79,79,79,79,79,79,79,79,79,67,67,67,96,67,67,67,67,67,98,95,96,93,141,141,141,141,141,141,141,141,141,126,127,127,1066,180,29975,2616,29976,29977,29977,29977,29977,29978,29973,29974,6121,5417]} 1. c4 Nf6 2. Nc3 e5 3. Nf3 Nc6 4. e3 Bb4 5. Qc2 Bxc3 6. bxc3 e4 {LiveBook: 20 Games. A28: English Opening: Four Knights Variation} (6... O-O 7. Be2 d6 8. d3 Qe7 9. e4 Ne8 10. Ba3 b6 11. O-O f5 12. d4 exd4 13. e5 d3 14. Qxd3 Bb7 15. exd6 Nxd6 {½-½ (27) Harikrishna,P (2738)-Svidler,P (2763) Palma de Mallorca 2017}) 7. Nd4 d6 $146 ({Find the theoretical novelty and annotate with similar games:} 7... O-O 8. Be2 Ne5 9. f4 Ng6 10. O-O d6 11. Nb3 Re8 12. h3 c5 13. d4 exd3 14. Bxd3 {0-1 (33) Giampa,A (2219)-Hernandez Guerrero,G (2523) Buenos Aires 2013}) 8. f3 Qe7 {The position is equal.} 9. Be2 O-O 10. O-O Bd7 11. Rb1 Rab8 12. fxe4 Nxe4 13. d3 Nc5 {[%cal Be4c5,Bc5e6,Be6d4][%mdl 32]} 14. e4 Nxd4 15. cxd4 Ne6 16. d5 Nd4 17. Qb2 c5 18. Be3 Nxe2+ 19. Qxe2 b5 20. cxb5 Bxb5 21. Qd2 Rb6 22. Rb3 Rfb8 23. Rfb1 Ba6 24. h3 f6 25. Bf4 Kf7 26. Qe3 Ke8 27. h4 h6 28. h5 Rxb3 29. Rxb3 Rxb3 30. axb3 Bb5 31. Qh3 Kd8 32. Kf2 Be8 33. Ke3 Qd7 34. Qh2 Kc7 35. Kd2 Qe7 36. Qg1 {Threatens to win with Qxc5+.} Kd8 37. Kc2 Qd7 38. Kc3 Qe7 39. Qh2 Kc7 40. g4 Bb5 41. Qa2 a6 42. Qh2 Kd7 43. Kc2 Qf8 44. Bg3 Qe7 45. Kc3 Qf8 46. Qf2 Ke7 47. Kc2 Bd7 {[#]} (47... a5 $11 {remains equal.}) 48. g5 $1 $16 {[%mdl 512]} hxg5 (48... fxg5 49. Bxd6+) 49. Qh2 $1 $36 {[%mdl 2048] White is in control.} Qb8 50. h6 gxh6 51. Qxh6 {Black must now prevent Qg7+.} Be8 52. Be1 $1 {[%mdl 1024] White has strong compensation.} Kf7 53. Qh7+ Kf8 54. Qh6+ Kf7 $1 55. Qh7+ Kf8 56. Qh8+ Kf7 57. Ba5 $1 {[%cal Ra5c7]} Qc8 58. Qh7+ Kf8 59. Qh8+ Kf7 $1 60. Bc7 $1 {White wants to mate with Qh7+.} Qd7 61. Qh7+ Kf8 62. Qxd7 Bxd7 63. Bxd6+ {[%mdl 4096] Endgame KB-KB} Kf7 64. Bxc5 Bh3 65. b4 Bf1 66. Kc3 Be2 67. Kd2 Bf1 68. Ke3 Bg2 69. Kd4 Bf1 70. Kc4 Be2 71. Bd4 g4 {[#]} 72. Bf2 $1 Ke7 73. Bh4 Kf7 74. Kd4 Bd1 75. Ke3 Bc2 76. d4 {[%cal Bd3d4,Bd4d5][%mdl 32]} Bb3 77. Kf4 Kg6 $2 {[%mdl 8192]} (77... Bc2 $16 78. d6 (78. Kxg4 Bxe4 79. Kf4 Bg2 $11) 78... Ke6 79. d5+ (79. Kxg4 Bxe4 80. d7 Kxd7 $11) 79... Kxd6 80. Bxf6 g3) 78. Kxg4 $18 Bc4 $2 (78... f5+ $18 79. exf5+ Kf7) 79. Kf4 (79. d6 $142 Be2+ 80. Kf4 Kf7 81. d7 Ke7 {[#]} 82. Bxf6+ $1 {[%mdl 512]} Kxd7 83. d5 Bf1 84. Ke5) 79... Bb3 80. d6 Ba4 81. d5 Bd7 82. Ke3 Kf7 83. Kd4 Bb5 84. Kc5 {Precision: White = 59%, Black = 52%.} 1-0

[Event "20th Dubai Open 2018"]
[Site "Dubai"]
[Date "2018.04.08"]
[Round "7"]
[White "Yilmaz, Mustafa"]
[Black "Tahbaz, Arash"]
[Result "1/2-1/2"]
[WhiteElo "2626"]
[BlackElo "2434"]
[Annotator "TA"]
[PlyCount "279"]
[EventDate "2018.??.??"]
[EventType "swiss"]
[EventCountry "UAE"]
[SourceTitle "playchess.com"]
[Source "ChessBase"]
[SourceQuality "1"]

{[%evp 28,279,23,27,25,37,28,30,36,14,42,0,9,19,8,14,0,9,8,7,0,13,18,22,108,104,87,92,92,87,87,87,116,101,100,100,100,98,98,95,105,96,97,91,93,87,94,89,97,96,102,93,93,87,87,87,91,89,93,93,93,93,107,107,114,89,115,102,107,86,115,115,115,107,118,116,116,114,107,107,107,107,107,66,107,107,107,107,107,92,116,116,119,117,128,116,135,135,135,127,127,127,127,127,127,116,116,89,116,116,116,112,116,116,116,116,116,116,116,115,115,116,120,114,115,0,114,0,115,90,89,0,115,114,138,138,216,146,164,125,141,70,65,33,39,0,62,62,246,62,62,32,32,0,54,0,241,61,61,61,61,8,7,0,0,0,0,0,0,0,8,8,8,0,0,0,0,0,8,8,8,0,0,0,8,8,8,8,8,0,8,8,8,8,8,8,8,8,8,0,0,0,0,0,0,0,0,0,0,0,0,0,0,0,0,0,0,0,0,0,8,8,8,0,0,0,8,8,8,8,8,0,8,0,0,0,0,0,0,0,8,0,0,0,0,0,0,0,0,0,0,0,0,0]} 1. d4 Nf6 2. c4 e6 3. Nf3 b6 4. g3 Ba6 5. b3 d5 6. Bg2 Bb4+ 7. Bd2 Be7 8. cxd5 exd5 9. Nc3 O-O 10. O-O c6 11. Ne5 Nfd7 12. Nf3 Nf6 13. Qc2 {E15: Queen's Indian: 4 g3 sidelines, 4 g3 Ba6 and 4 g3 Bb7 early deviations} Nbd7 14. Rad1 Re8 15. Rfe1 {LiveBook: 4 Games. White has an edge.} Bb4 {[#]} 16. a3 $1 {[%mdl 512]} Bd6 (16... Bxa3 17. Ra1) 17. Bc1 $146 ({Predecessor:} 17. b4 Bb7 18. Bf4 Qe7 19. Bxd6 Qxd6 20. e4 Nxe4 21. Nxe4 dxe4 22. Rxe4 Rxe4 23. Qxe4 {1-0 (48) Pulvett Marin,D (2465)-Almagro Llamas,P (2483) Madrid 2018}) 17... Bb7 18. b4 h6 19. Bb2 c5 20. dxc5 bxc5 21. Nh4 {[%cal Rc3d5]} cxb4 22. Nxd5 Bxd5 23. Bxd5 Nxd5 24. Rxd5 Nb6 25. Rd3 Qc7 (25... Qc8 $1 $11 26. Qxc8 Nxc8) 26. Qxc7 $1 $16 Bxc7 27. axb4 Be5 28. Bd4 Bxd4 29. Rxd4 Re5 30. Nf3 Rb5 31. Ra1 a5 32. bxa5 Rbxa5 33. Rxa5 Rxa5 {[%mdl 4096] Endgame KRN-KRN} 34. Rd8+ Kh7 35. Rf8 Ra7 36. Kg2 Re7 37. Nd4 h5 38. Rb8 Nd5 39. e3 g6 40. Rb5 Nf6 41. h3 Kg7 42. Kf3 Nh7 43. Ra5 Nf6 44. g4 hxg4+ 45. hxg4 Nh7 46. Ne2 Nf8 47. Ng3 Nd7 48. Kf4 Nf8 49. g5 Ne6+ 50. Kg4 Nd8 51. Ra3 Nb7 52. Ra7 Kf8 53. f4 Nd6 54. Ra8+ Re8 55. Ra6 Ne4 56. Nf1 Rd8 57. Ra4 Rd1 58. Nh2 Nc5 59. Ra8+ Ke7 60. Kf3 Rd8 61. Ra2 Rb8 62. Ng4 Rb7 63. Ne5 Rc7 64. Ra8 Nd7 65. Ng4 Rb7 66. Nh6 f6 67. Ra5 fxg5 68. Rxg5 Rb6 69. Ng4 Kf7 70. Rd5 Ke7 71. Ra5 Rb7 72. Ra6 Kf7 73. Rd6 {Rxd7+ is the strong threat.} Kg7 74. Kg3 Ra7 75. Kh4 Nf8 76. Kg3 Nd7 77. Kf3 (77. Rc6 $16) 77... Rc7 (77... Rb7 $11) 78. Re6 Kf7 79. Ra6 (79. Re4 {keeps more tension.} g5 80. f5 Rc5 81. Rd4 Ke7 82. e4) 79... Rb7 80. Nf2 Nf8 81. Ne4 {And now Nd6+ would win.} Re7 (81... Ke7 $16 82. Nc5 Rb5) 82. Nd6+ Kg7 83. Nc4 Nh7 84. Ne5 ({Better is} 84. e4 $16) 84... g5 $1 $14 85. Nc6 Rf7 86. Ne5 Re7 87. Rg6+ Kf8 $2 {[#]} (87... Kh8 $1 $14 88. Ke4 gxf4) 88. Rd6 $2 (88. Nc6 $1 $18 {[%cal Rc6e7]} Rg7 89. Rxg7 Kxg7 90. f5) 88... Kg7 $1 89. Nc6 Rf7 90. Ne5 Re7 91. Rg6+ $2 (91. Ra6 $14) 91... Kf8 $18 {[#]} 92. Rb6 $2 (92. Nc6 $1 $18 {[%cal Rc6e7]} Rg7 93. Rxg7 Kxg7 94. f5) 92... Kg7 $14 93. Kg4 {Threatens to win with Rg6+.} gxf4 94. exf4 ({White should play} 94. Rg6+ $14 Kh8 95. exf4) 94... Nf6+ $11 {The position is equal.} 95. Kg5 Nd5 96. Rg6+ (96. Nc6 {looks sharper.} Rf7 97. Rb8 Nxf4 98. Nd4 Ra7 99. Nf5+) 96... Kf8 97. Rd6 Nxf4 98. Kxf4 {Intending Ng6+ and mate. KRN-KR} Ra7 99. Rd8+ Kg7 100. Kf5 Ra1 101. Rd7+ Kg8 102. Ng4 $1 Rf1+ (102... Kf8 {is interesting.} 103. Ke6 Re1+ 104. Kd5 Rd1+ 105. Ke6 Re1+) 103. Ke6 $1 {White threatens Nf6+ and mate.} Re1+ 104. Ne5 Re2 105. Rd1 Ra2 106. Rg1+ Kh7 107. Kf6 Rf2+ 108. Ke6 Ra2 109. Rg3 Ra1 110. Kf7 {[%cal Rg3h3]} Ra7+ 111. Kf6 $1 Ra6+ 112. Kf5 Ra5 113. Rb3 Kg7 114. Rb7+ Kg8 115. Rc7 {Hoping for Kg6.} Ra1 116. Ng4 Rf1+ 117. Kg6 {Threatening mate with Rc8+.} Kf8 118. Ne3 Ra1 119. Nd5 {[%cal Rc7c8]} Rg1+ 120. Kf5 Rf1+ 121. Nf4 (121. Ke4 {feels hotter.} Re1+ 122. Kd3 Rd1+ 123. Kc4 Rh1 124. Rb7) 121... Kg8 122. Ke5 Kf8 123. Ne6+ Kg8 124. Rc8+ Kh7 125. Ng5+ Kg7 126. Ne6+ Kh7 127. Rc4 Re1+ 128. Kf6 {White wants to mate with Ng5+.} Rf1+ 129. Nf4 Kg8 130. Rc8+ (130. Ke7 {is more complex.} Kh7 131. Ne6 Kg6 132. Rg4+ Kh6 133. Rf4) 130... Kh7 131. Rc7+ Kh6 132. Kf5 (132. Rc6 {with more complications.} Kh7 133. Ke5 Re1+ 134. Kf6 Rf1) 132... Ra1 133. Rc2 Kg7 134. Ne6+ Kf7 135. Rc7+ Ke8 136. Ke5 Re1+ 137. Kf6 {[%csl Gf6][%cal Rc7e7]} Rf1+ 138. Ke5 Re1+ 139. Kd6 {[%csl Gd6][%cal Rc7e7]} Rd1+ 140. Ke5 {Precision: White = 52%, Black = 65%.} 1/2-1/2

[Event "20th Dubai Open 2018"]
[Site "Dubai"]
[Date "2018.04.08"]
[Round "7"]
[White "Iturrizaga Bonelli, Eduardo"]
[Black "Flores, Diego"]
[Result "1/2-1/2"]
[WhiteElo "2624"]
[BlackElo "2601"]
[Annotator "TA"]
[PlyCount "87"]
[EventDate "2018.??.??"]
[EventType "swiss"]
[EventCountry "UAE"]
[SourceTitle "playchess.com"]
[Source "ChessBase"]
[SourceQuality "1"]

{[%evp 19,87,0,0,0,0,0,0,0,6,0,0,-7,0,-12,20,-12,0,-4,51,38,35,37,27,10,44,45,53,50,52,25,40,29,26,31,48,32,70,52,82,47,52,57,68,57,95,24,51,53,65,60,52,41,82,13,14,0,0,17,1,0,0,0,0,0,0,0,0,0,0,0]} 1. d4 d5 2. c4 e6 3. Nc3 c6 4. e4 dxe4 5. Nxe4 Bb4+ 6. Nc3 e5 {D31: Queen's Gambit Declined: Semi-Slav without ...Nf6 (+ Marshall Gambit and Noteboom) and Exchange Variation lines without ...Nf6} 7. a3 Bxc3+ 8. bxc3 Qa5 9. Bd2 Nf6 10. Nf3 Nbd7 {LiveBook: 3 Games} 11. Be2 e4 $146 ({Predecessor:} 11... O-O 12. O-O Ne4 13. Re1 Rd8 14. Bf1 Nxd2 15. Qxd2 exd4 16. cxd4 Qxd2 17. Nxd2 {½-½ (49) L'Ami,E (2627)-Adhiban,B (2653) Wijk aan Zee 2016}) 12. Ng5 e3 13. Bxe3 {White wants to play 0-0.} Qxc3+ 14. Kf1 O-O 15. Qe1 Qc2 16. Qb1 Qc3 17. Qe1 Qc2 18. Rc1 Qg6 ({Black should play} 18... Qb2 $11) 19. Qd1 $14 Nb6 20. h3 Re8 {aiming for ...Rxe3!} 21. Qb3 Ne4 22. Nxe4 Qxe4 23. Kg1 $36 {[%mdl 2048] White fights for an advantage.} Qe7 24. Qb4 Qc7 25. Bd3 Nd7 {[%cal Bb6d7,Bd7f8,Bf8g6,Bg6f4][%mdl 32]} 26. Qd2 Nf8 27. d5 cxd5 28. cxd5 Qd6 29. Bc5 Qe5 30. f4 Qf6 31. Kh2 Ng6 {[#]} 32. Rhe1 (32. Rhf1 $1 $16) 32... Bf5 33. Rxe8+ Rxe8 34. Bxf5 Qxf5 35. Bxa7 {Threatens to win with d6.} Nxf4 {[#]} 36. Rf1 (36. d6 $1 $16 {[%cal Rd6d7]} Nd3 37. Rc3) 36... g5 $1 $11 {The position is equal.} 37. Be3 {[%cal Re3f4]} Re5 38. Bxf4 gxf4 39. Rxf4 Rxd5 {KQR-KQR} 40. Qf2 Qe5 41. Qg3+ Kf8 42. a4 Qd6 43. a5 Rd3 44. Rf3 {Precision: White = 61%, Black = 59%.} 1/2-1/2

[Event "20th Dubai Open 2018"]
[Site "Dubai"]
[Date "2018.04.08"]
[Round "7"]
[White "Gupta, Abhijeet"]
[Black "Jones, Gawain C B"]
[Result "1/2-1/2"]
[WhiteElo "2617"]
[BlackElo "2675"]
[Annotator "TA"]
[PlyCount "143"]
[EventDate "2018.??.??"]
[EventType "swiss"]
[EventCountry "UAE"]
[SourceTitle "playchess.com"]
[Source "ChessBase"]
[SourceQuality "1"]

{[%evp 17,143,20,35,35,43,12,42,18,72,69,64,27,23,41,36,0,0,0,0,0,7,-39,-18,-80,-53,-63,-75,-60,-60,-63,-66,-128,-129,-175,-95,-122,-120,-125,-73,-80,-41,-79,-41,-196,-182,-186,-181,-199,-167,-174,-170,-158,-134,-143,-52,-56,-50,-52,-54,-47,-51,-58,-8,-27,-27,-92,-98,-94,-86,-120,-10,-27,-11,-11,-11,-12,-18,-17,-14,-14,0,0,0,-4,8,0,0,-37,-31,-70,-4,-4,-4,-4,-4,-4,-4,-4,-4,-4,-4,-4,-4,-4,-4,-4,-4,-4,-4,-4,-3,-3,-3,-3,-3,-3,-3,-3,-3,-3,-3,-3,-3,-3,-3,-3,-3,-3]} 1. d4 Nf6 2. c4 g6 3. Nc3 Bg7 4. e4 d6 5. Nf3 O-O 6. h3 e5 7. d5 a5 8. g4 Na6 9. Bg5 Qe8 {LiveBook: 69 Games} 10. Be3 {E90: King's Indian: Classical: Early deviations and 6 h3} Kh8 11. Be2 Bd7 $146 ({Predecessor:} 11... Ng8 12. g5 f5 13. h4 Ne7 14. h5 Kg8 15. h6 Bh8 16. Nh4 b6 17. f3 Nc5 {1-0 (40) Korobov,A (2705)-Smirin,I (2638) Eilat 2012}) 12. a3 {White is slightly better.} Nc5 (12... Ng8 $11 {remains equal.}) 13. Nd2 $16 Ng8 14. h4 f5 $1 15. g5 h5 16. exf5 Bxf5 17. Bxc5 $1 dxc5 18. Nde4 Ne7 19. Qd3 Rd8 20. Qc2 (20. O-O-O $11 {keeps the balance.}) 20... Bxe4 21. Nxe4 Nf5 22. O-O-O Nd4 23. Qd3 Rf4 24. Rde1 {[#]} ({White should play} 24. f3 $15) 24... b5 $1 $36 {[%mdl 2560] Black is in control.} 25. Bd1 (25. cxb5 c4) 25... c6 (25... bxc4 $19 26. Qxc4 Qf7 27. Qxc5 c6 28. Qxa5 (28. dxc6 Qa2 $17) 28... Qxd5) 26. d6 Qf7 27. Rh3 bxc4 (27... Bf8 $142 28. Rh2 Bxd6 29. Nxd6 Rxd6 30. Rxe5 Rd7) 28. Qc3 Rb8 29. Rhe3 Nb5 30. Qd2 $2 {[#]} (30. Qxa5 $15 c3 31. b3) 30... c3 $1 $19 {[%cal Rc3d2]} ({Resist} 30... Rxh4 31. d7 $17) 31. Nxc3 Rd4 32. Qc2 Nxd6 {Hoping for ...Nc4.} 33. Rf3 Rf4 34. Rxf4 exf4 35. Qd3 Nc4 (35... Bd4 $17 36. Bc2 Nf5) 36. Bc2 $1 $15 Bd4 ({Don't play} 36... Rxb2 $6 37. Qd8+ Bf8 38. Qf6+ Qxf6 39. gxf6 $14) 37. Qxg6 Qxg6 38. Bxg6 Nxb2 39. Nd1 Kg7 40. Bc2 Nxd1 41. Kxd1 (41. Bxd1 $11 Bxf2 42. Re7+ Kg8 43. Re6) 41... Bxf2 $11 {[%mdl 4096] Endgame KRB-KRB} 42. Re7+ {[#]} Kg8 $1 43. Bh7+ Kh8 (43... Kf8 $17 44. Re4 Bg3) 44. Bf5 Bxh4 45. Rh7+ Kg8 46. g6 {White wants to mate with Be6+.} Re8 {Threatens to win with ...f3.} 47. Bd3 $1 {[%cal Rd3c4] White threatens Bc4+ and mate.} Re1+ 48. Kc2 {Intending Bc4+ and mate.} Re7 {next ...Rxh7 is good for Black.} 49. Rxh5 Bf6 50. Rxc5 Be5 51. Rxc6 f3 {[%cal Bf4f3,Bf3f2][%mdl 32]} 52. Bc4+ Kg7 53. Re6 Rc7 ({Better is} 53... Rxe6 $15 54. Bxe6 f2) 54. Rxe5 {Kc3 is the strong threat.The position is equal.} Rxc4+ {KR-KR} 55. Kd2 Rf4 56. Ke1 f2+ 57. Kf1 a4 58. Re2 Rf3 59. Re6 Rxa3 {And now ...Rf3 would win.} 60. Kxf2 Rh3 61. Ra6 a3 62. Kg2 Rb3 63. Kh2 Rb2+ 64. Kg3 a2 65. Kg4 Kh6 66. Kf4 Rb4+ 67. Kf3 Rb3+ 68. Kf4 Rb2 69. Kg4 Rg2+ 70. Kf3 $1 {[%cal Rf3g2]} Rxg6 71. Rxa2 Rf6+ 72. Ke4 {Precision: White = 53%, Black = 53%.} 1/2-1/2

[Event "20th Dubai Open 2018"]
[Site "Dubai"]
[Date "2018.04.08"]
[Round "7"]
[White "Zubov, Alexander"]
[Black "Maghsoodloo, Parham"]
[Result "1/2-1/2"]
[WhiteElo "2606"]
[BlackElo "2615"]
[Annotator "TA"]
[PlyCount "90"]
[EventDate "2018.??.??"]
[EventType "swiss"]
[EventCountry "UAE"]
[SourceTitle "playchess.com"]
[Source "ChessBase"]
[SourceQuality "1"]

{[%evp 11,90,24,41,6,7,5,6,3,2,0,1,0,0,-18,-12,-8,15,20,16,17,18,5,21,20,42,42,42,42,42,41,104,110,104,97,95,85,82,73,74,73,59,69,66,52,52,52,53,57,70,58,64,14,18,12,20,0,0,0,0,0,0,-5,-6,-61,-33,-46,0,0,0,0,0,0,0,-65,0,0,0,0,0,0,0]} 1. d4 d5 2. c4 c6 3. Nf3 Nf6 4. e3 Bf5 5. Nc3 a6 6. c5 {D15: Slav Defence: 4 Nc3 a6 and gambit lines after 4 Nc3 dxc4} (6. Qb3 b5 7. c5 a5 8. Be2 g6 9. O-O Bg7 10. Bd2 O-O 11. a3 Nbd7 12. Rfc1 Ne4 13. Qd1 Nxd2 14. Qxd2 {½-½ (56) Mamedyarov,S (2799)-Andreikin,D (2712) Huaian 2017}) 6... Nbd7 {LiveBook: 7 Games} 7. b4 Bg4 $146 ({Predecessor:} 7... a5 8. b5 e5 9. Be2 g6 10. O-O Bg7 11. Bb2 O-O 12. Na4 Ne4 13. Nxe5 Nxe5 14. dxe5 {0-1 (41) Komov,R (2201)-Belmeskin,I (2235) Krasnoyarsk 2015}) 8. Be2 g6 9. Bb2 Bg7 10. O-O O-O 11. Na4 Qc7 12. Ne5 Bxe2 13. Qxe2 Rae8 14. Nd3 a5 15. a3 {[%cal Ba2a3,Ba3b4][%mdl 32]} Ra8 16. f3 axb4 17. axb4 b5 18. Nc3 Rxa1 19. Rxa1 Ne8 20. Qd2 e5 (20... Bh6 $14) 21. Ne2 $16 exd4 22. Bxd4 Bh6 23. f4 Ng7 24. Nf2 Nf5 25. Ng4 Bg7 26. Bxg7 Kxg7 27. Nd4 Nxd4 28. Qxd4+ f6 29. g3 Re8 30. Nf2 Nf8 31. Ra6 (31. e4 {looks sharper.} Ne6 32. Qb2 d4 33. h4 Re7 34. Ra3) 31... Qd7 32. e4 Ne6 $1 {[%cal Re6d4]} 33. Qd2 {Black should prevent exd5.} Nc7 $1 {[%cal Rc7a6]} 34. Ra7 Re7 35. e5 fxe5 36. fxe5 Qf5 37. Qf4 (37. Qe2 $11) 37... Qxf4 $15 38. gxf4 {[%mdl 4096] Endgame KRN-KRN} Rf7 39. Nd3 Ne6 40. Rxf7+ Kxf7 $11 {KN-KN} 41. Kf2 Nd4 42. Kg3 (42. Ke3 $11 Nf5+ 43. Kf3) 42... Nf5+ ({Better is} 42... Nc2 $1 $15) 43. Kg4 {The position is equal.} h6 44. Kf3 Ke6 45. Ne1 Nd4+ {Precision: White = 61%, Black = 70%.} 1/2-1/2

[Event "20th Dubai Open 2018"]
[Site "Dubai"]
[Date "2018.04.08"]
[Round "7"]
[White "Tabatabaei, M.Amin"]
[Black "Muthaiah, Al"]
[Result "1-0"]
[WhiteElo "2605"]
[BlackElo "2372"]
[Annotator "TA"]
[PlyCount "77"]
[EventDate "2018.??.??"]
[EventType "swiss"]
[EventCountry "UAE"]
[SourceTitle "playchess.com"]
[Source "ChessBase"]
[SourceQuality "1"]

{[%evp 19,77,44,42,39,40,14,37,13,16,10,27,0,17,12,0,0,18,0,0,0,8,0,0,-32,-33,-25,-25,-47,-22,-31,-34,-56,-44,-48,-39,-29,-30,-21,-7,-47,-56,-46,-38,-31,-20,-58,-66,-67,-63,-64,-65,-55,-45,-67,-49,-78,-66,-113,-54,-50]} 1. e4 c5 2. Nf3 e6 3. d4 cxd4 4. Nxd4 a6 5. Bd3 Bc5 6. Nb3 Be7 7. Qg4 g6 8. Nc3 {B42: Sicilian: Kan Variation: 5 Bd3} (8. Qe2 d6 9. O-O Nd7 10. a4 b6 11. Na3 Ngf6 12. Bh6 Bf8 13. Bxf8 Kxf8 14. Nc4 Qc7 15. f4 d5 16. exd5 Nxd5 {1-0 (32) Leko,P (2691)-Svidler,P (2765) Riadh 2017}) 8... d6 9. Qe2 Nd7 10. O-O Ne5 {LiveBook: 12 Games} 11. h3 $146 ({Find the theoretical novelty and annotate with similar games:} 11. f4 Nxd3 12. cxd3 Nf6 13. f5 gxf5 14. exf5 Rg8 15. fxe6 Bxe6 16. Bf4 {1-0 (53) Edouard,R (2612)-Milov,V (2640) Switzerland 2015}) 11... b5 12. Be3 Bb7 13. f4 Nxd3 14. cxd3 Nf6 15. a3 O-O 16. Qf2 Rc8 17. f5 exf5 18. exf5 {Strongly threatening Bh6.} Nh5 $1 19. Bb6 Qd7 20. Rae1 Rce8 21. Ne4 {[#] Threatens to win with f6.} Qxf5 22. Qxf5 gxf5 23. Rxf5 Ng7 24. Rff1 f5 25. Nc3 Nh5 26. Re6 Bc8 27. Ree1 Ng3 28. Rf3 f4 29. Ne4 Bb7 30. Nbd2 h5 31. Kh2 h4 32. Rc1 Rc8 $36 {[%mdl 2048] Black is pushing.} 33. Rxc8 Bxc8 34. Rf2 Bb7 35. Bd4 Kh7 36. Nc3 Kg6 37. Ne2 Bg5 38. Bc3 Bd5 ({Better is} 38... Re8 $17 39. Nxf4+ Kh7) 39. Nd4 {[%mdl 32768] Precision: White = 46%, Black = 83%. . Loss on Time!?} 1-0